Strategic management

Αποθηκεύτηκε σε:
Λεπτομέρειες βιβλιογραφικής εγγραφής
Κύριος συγγραφέας: Paine, Frank T.
Άλλοι συγγραφείς: Anderson, Carl R.
Μορφή: Βιβλίο
Γλώσσα:English
Δημοσίευση: Chicago : Dryden Press, c1983
Σειρά:Dryden Press series in management
Θέματα:
Ετικέτες: Προσθήκη ετικέτας
Δεν υπάρχουν, Καταχωρήστε ετικέτα πρώτοι!

MARC

LEADER 00000cam a2200000 i 4500
001 1/49129
008 960315s1983 eng d
020 |a 0030618282 
035 |l 10026785 
040 |a GR-MY-UA  |b gre  |e aacr 
041 0 |a eng 
082 0 |a 658.4012  |2 (19) 
100 1 |a Paine, Frank T. 
245 1 0 |a Strategic management /  |c Frank T. Paine, Carl R. Anderson 
260 |a Chicago :   |b Dryden Press,   |c c1983 
300 |a 392 p.;  |b ill.;  |c 24 cm 
490 1 |a Dryden Press series in management 
504 |a Includes bibliographical references and index 
650 0 0 |a Business planning. 
650 0 0 |a Management. 
700 1 |a Anderson, Carl R. 
830 0 |a Dryden Press series in management 
852 |a INST  |b CHIOS  |e 19960315  |h 658.4012 PAI  |p 005200004446  |q 005200004446  |t BK  |y 12 
909 |a Χ  |b 000060